书目信息 |
| 题名: |
电工电子实验与计算机仿真
|
|
| 作者: | 邹其洪 编著 | |
| 分册: | ||
| 出版信息: | 北京 电子工业出版社 2003 |
|
| 页数: | 500页 | |
| 开本: | 23cm | |
| 丛书名: | 高等学校电工电子实践系列 | |
| 单 册: | ||
| 中图分类: | TM-33 | |
| 科图分类: | ||
| 主题词: | 电子技术--实验--计算机仿真--高等学校--教材 , 电工试验 , 电工试验--计算机仿真--高等学校--教材 , 电子技术 , 计算机仿真 | |
| 电子资源: | ||
| ISBN: | 7-5053-9117-8 | |
| 000 | 01356oam2 2200289 45 | |
| 001 | 030000001335 | |
| 005 | 20050912172645.93 | |
| 010 | @a7-5053-9117-8@dCNY38.00 | |
| 100 | @a20031020d2003 em y0chiy0120 ea | |
| 101 | 0 | @achi |
| 102 | @aCN@b110000 | |
| 105 | @aak z 000yy | |
| 200 | 1 | @a电工电子实验与计算机仿真@Adian gong dian zi shi yan yu ji suan ji fang zhen@f邹其洪等编著@Fzou qi hong deng bian zhu |
| 210 | @a北京@c电子工业出版社@d2003 | |
| 215 | @a500页@c图@d23cm | |
| 225 | 2 | @a高等学校电工电子实践系列 |
| 330 | @a本书共分9章。第1,2,3章介绍了常用电工测量仪表、电子实验测量仪器和电子电路元器件的基本原理及使用方法。第4章介绍了电子工作台EWB的基本操作方法,虚拟电子器件、虚拟仪器仪表和虚拟电路的组建与运行及电路分析方法。第5章为电路原理实验,第6章为模拟电路实验,第7章为数字电路实验,实验项目内容详细完整,将实际工程实验和计算机虚拟实验有机地结合在一起。第8章介绍EDA原理图输入设计方法,VHDL文本输入设计方法,组合逻辑电路的EDA综合实验。第9章为三相电机和直流电机的性能与控制方法实验。 | |
| 461 | 0 | @12001 @a高等学校电工电子实践系列 |
| 606 | 0 | @a电子技术@x实验@x计算机仿真@x高等学校@j教材 |
| 606 | 0 | @a电工试验 |
| 606 | 0 | @a电工试验@x计算机仿真@x高等学校@j教材 |
| 606 | 0 | @a电子技术 |
| 606 | 0 | @a计算机仿真 |
| 690 | @aTM-33@v4 | |
| 701 | 0 | @a邹其洪@Azou qi hong@4编著 |
| 801 | 0 | @aCN@bTSSF@c20050912 |
| 905 | @a10447@dTM-33@e48 | |
| 电工电子实验与计算机仿真/邹其洪等编著.-北京:电子工业出版社,2003 |
| 500页:图;23cm.-(高等学校电工电子实践系列) |
| ISBN 7-5053-9117-8:CNY38.00 |
| 本书共分9章。第1,2,3章介绍了常用电工测量仪表、电子实验测量仪器和电子电路元器件的基本原理及使用方法。第4章介绍了电子工作台EWB的基本操作方法,虚拟电子器件、虚拟仪器仪表和虚拟电路的组建与运行及电路分析方法。第5章为电路原理实验,第6章为模拟电路实验,第7章为数字电路实验,实验项目内容详细完整,将实际工程实验和计算机虚拟实验有机地结合在一起。第8章介绍EDA原理图输入设计方法,VHDL文本输入设计方法,组合逻辑电路的EDA综合实验。第9章为三相电机和直流电机的性能与控制方法实验。 |
| ● |
| 相关链接 |
|
|
|
|
正题名:电工电子实验与计算机仿真
索取号:TM-33/48
 
预约/预借
| 序号 | 登录号 | 条形码 | 馆藏地/架位号 | 状态 | 备注 |
| 1 | 0360999 | 3609991 | 第二样本阅览室/ [索取号:TM-33/48] | 在馆 | |
| 2 | 0361000 | 3610006 | 第三借阅区/ [索取号:TM-33/48] | 在馆 | |
| 3 | 0361001 | 3610015 | 第三借阅区/ [索取号:TM-33/48] | 在馆 | |
| 4 | 0361002 | 3610024 | 第三借阅区/ [索取号:TM-33/48] | 在馆 | |
| 5 | 0361003 | 3610033 | 第三借阅区/ [索取号:TM-33/48] | 在馆 |